[Event "Asian Junior Chess Championship 2011"]
[Site "?"]
[Date "2011.??.??"]
[Round "5.2"]
[White "Omarnoaman"]
[Black "Shyam, Nikil P"]
[Result "1-0"]
[WhiteElo "2253"]
[BlackElo "2412"]
[PlyCount "105"]
[EventDate "2011.06.02"]

1. d4 e6 2. c4 d5 3. Nc3 c6 4. Nf3 Nf6 5. cxd5 exd5 6. Bg5 Be7 7. e3 O-O 8. Bd3
Ne4 9. Bf4 f5 10. O-O Nd7 11. Ne5 Ndf6 12. f3 Nd6 13. Bg5 Nf7 14. Nxf7 Rxf7 15.
Bf4 Bd6 16. Be5 Qe7 17. f4 Be6 18. Qc2 g6 19. Rac1 Rd8 20. Be2 Ne8 21. Na4 Bxe5
22. fxe5 Qg5 23. Qd2 Ng7 24. Nc5 Rdf8 25. Nd3 Qh6 26. b4 g5 27. a4 Bd7 28. Nc5
Bc8 29. b5 f4 30. bxc6 bxc6 31. Bd3 f3 32. Rxf3 Rxf3 33. gxf3 Rxf3 34. Rf1 g4
35. Rxf3 gxf3 36. Qf2 Bg4 37. Kf1 Qg5 38. Kg1 Nf5 39. Ne6 Qe7 40. Nc5 Qg5 41.
Ne6 Qe7 42. Nc5 Nh4 43. h3 Bh5 44. Qg3+ Bg6 45. Kf2 Kh8 46. Bxg6 hxg6 47. Qg4
Nf5 48. Kxf3 Kg7 49. Ke2 Kh7 50. a5 Qe8 51. h4 Qf7 52. Qg5 Ng7 53. Qf6 1-0

[Event "Asian Junior Chess Championship 2011"]
[Site "?"]
[Date "2011.??.??"]
[Round "5.3"]
[White "Nitin, S."]
[Black "Narayanan, Srinath"]
[Result "1/2-1/2"]
[WhiteElo "2365"]
[BlackElo "2337"]
[PlyCount "74"]
[EventDate "2011.06.02"]

1. e4 c5 2. Nf3 d6 3. d4 cxd4 4. Qxd4 a6 5. h3 Nc6 6. Qe3 g6 7. c4 Bg7 8. Be2
Nf6 9. O-O O-O 10. Nc3 Nd7 11. Rd1 Nc5 12. Rb1 f5 13. b4 Nxe4 14. Nxe4 fxe4 15.
Ng5 a5 16. b5 Ne5 17. Bb2 Qc7 18. Qxe4 Kh8 19. Qh4 h6 20. f4 Kg8 21. Ne4 Nxc4
22. Bxc4+ Qxc4 23. Qxe7 Qf7 24. Qxf7+ Rxf7 25. Bxg7 Kxg7 26. Nxd6 Rxf4 27. Ne8+
Kg8 28. Nc7 Rb8 29. Rd8+ Rf8 30. Rbd1 Bf5 31. R8d6 Rf7 32. b6 Rbf8 33. R1d4 Re7
34. Rd2 a4 35. R6d4 a3 36. Ra4 Re1+ 37. Kh2 Rb1 1/2-1/2

[Event "Asian Junior Chess Championship 2011"]
[Site "?"]
[Date "2011.??.??"]
[Round "5.4"]
[White "Anwesh, Upadhyaya"]
[Black "Subramaniam, Sumant"]
[Result "1-0"]
[WhiteElo "2432"]
[BlackElo "2088"]
[PlyCount "60"]
[EventDate "2011.06.02"]

1. c4 Nf6 2. g3 g6 3. Bg2 Bg7 4. Nc3 d6 5. Nf3 O-O 6. O-O Nc6 7. Rb1 Bg4 8. h3
Bxf3 9. Bxf3 Qd7 10. Bg2 Nd8 11. b4 Re8 12. b5 h5 13. h4 Nh7 14. Qc2 Qg4 15. d3
Bxc3 16. Qxc3 Qxe2 17. Bb2 e5 18. d4 Qg4 19. Rbe1 f6 20. f4 Nf7 21. dxe5 dxe5
22. Kh2 Qc8 23. Qd3 Kg7 24. fxe5 Nxe5 25. Rxe5 fxe5 26. Bxb7 Qd8 27. Qf3 Rb8
28. Qf7+ Kh8 29. Bc6 Re7 30. Qf4 Qd6 1-0

[Event "Asian Junior Chess Championship 2011"]
[Site "?"]
[Date "2011.??.??"]
[Round "5.5"]
[White "Rajapakse, R M C M."]
[Black "Saeed, Ishaq"]
[Result "1/2-1/2"]
[WhiteElo "2175"]
[BlackElo "2224"]
[PlyCount "97"]
[EventDate "2011.06.02"]

1. d4 d5 2. c4 e6 3. Nc3 c6 4. Nf3 Nf6 5. Bg5 Nbd7 6. cxd5 exd5 7. e3 Be7 8.
Bd3 O-O 9. Qc2 Re8 10. O-O Nf8 11. Rae1 Be6 12. Ne5 N6d7 13. Bxe7 Rxe7 14. f4
f6 15. Nf3 c5 16. f5 Bf7 17. Qf2 a6 18. g4 b5 19. h4 Qb6 20. g5 b4 21. Na4 Qc6
22. Nxc5 Nxc5 23. dxc5 Qxc5 24. gxf6 gxf6 25. Kh1 Kh8 26. Nd4 Qd6 27. Rg1 Nd7
28. Rc1 Nc5 29. Bb1 Ne4 30. Bxe4 Rxe4 31. Rc6 Qe7 32. Nf3 d4 33. Qg3 Bd5 34.
Rc7 Rxh4+ 35. Kg2 Bxf3+ 36. Kf1 Bg2+ 37. Qxg2 Qf8 38. Rf7 Qg8 39. Qc6 Qd8 40.
Rfg7 Rh6 41. Qg2 dxe3 42. Rd7 Qf8 43. Rf7 e2+ 44. Ke1 Qg8 45. Rg7 Qd8 46. Rd7
Qf8 47. Rf7 Qg8 48. Rg7 Qf8 49. Rf7 1/2-1/2

[Event "Asian Junior Chess Championship 2011"]
[Site "?"]
[Date "2011.??.??"]
[Round "5.6"]
[White "Perera, W C C."]
[Black "Kuruwitage, Yasas Kalana"]
[Result "1/2-1/2"]
[WhiteElo "2078"]
[BlackElo "1923"]
[PlyCount "70"]
[EventDate "2011.06.02"]

1. e4 d6 2. d4 Nf6 3. Nc3 g6 4. Bc4 Bg7 5. Qe2 c6 6. Bb3 O-O 7. Nf3 Bg4 8. h3
Bxf3 9. Qxf3 Nbd7 10. a4 c5 11. d5 b6 12. Qe2 Ne8 13. O-O a6 14. f4 Nc7 15. Bc4
Nf6 16. Rd1 Qb8 17. Bd2 e6 18. e5 Nfxd5 19. exd6 Bd4+ 20. Kh1 Ne8 21. Nxd5 exd5
22. Bxd5 Ra7 23. c3 Bg7 24. f5 Nxd6 25. fxg6 hxg6 26. Bf4 Qe8 27. Qg4 Ne4 28.
Qf3 Re7 29. Bxe4 Rxe4 30. Bd6 Re3 31. Qd5 Qa8 32. Qxa8 Rxa8 33. Bc7 Re2 34.
Rab1 b5 35. axb5 axb5 1/2-1/2

[Event "Asian Junior Chess Championship 2011"]
[Site "?"]
[Date "2011.??.??"]
[Round "5.7"]
[White "Premachandra, G T D."]
[Black "Seneviratne, Shehan Kanishka"]
[Result "1-0"]
[WhiteElo "1940"]
[BlackElo "1664"]
[PlyCount "91"]
[EventDate "2011.06.02"]

1. e4 d5 2. exd5 Qxd5 3. Nc3 Qa5 4. d4 c6 5. Bc4 Nf6 6. Nf3 Bf5 7. Bd2 Qc7 8.
Ne5 e6 9. Qe2 Nbd7 10. O-O-O Nb6 11. Bb3 O-O-O 12. Bg5 h6 13. Bh4 g5 14. Bg3
Bd6 15. f3 Nfd5 16. Ne4 Nf4 17. Nxd6+ Rxd6 18. Qd2 f6 19. Nc4 Nxc4 20. Bxc4 e5
21. Qf2 Rhd8 22. dxe5 Rxd1+ 23. Rxd1 Rxd1+ 24. Kxd1 Qxe5 25. Kc1 b5 26. Bf1 Kb7
27. Qd2 Kc7 28. Qa5+ Kb7 29. Bf2 Qb8 30. Bxb5 cxb5 31. Qxb5+ Ka8 32. Qxf5 Nxg2
33. Kb1 Qd8 34. Qe4+ Kb8 35. Bg3+ Nf4 36. Bxf4+ gxf4 37. Qxf4+ Kb7 38. b4 h5
39. Kb2 a5 40. b5 Qd7 41. a4 f5 42. Qc4 Qd6 43. Qc6+ Qxc6 44. bxc6+ Kxc6 45.
Kc3 f4 46. h4 1-0

[Event "Asian Junior Chess Championship 2011"]
[Site "?"]
[Date "2011.??.??"]
[Round "6.2"]
[White "Nitin, S."]
[Black "Omarnoaman"]
[Result "1/2-1/2"]
[WhiteElo "2365"]
[BlackElo "2253"]
[PlyCount "65"]
[EventDate "2011.06.02"]

1. e4 c6 2. d4 d5 3. Nc3 dxe4 4. Nxe4 Bf5 5. Ng3 Bg6 6. N1e2 Nf6 7. h4 h6 8.
Nf4 Bh7 9. Bc4 e6 10. c3 Bd6 11. Ngh5 Nxh5 12. Nxh5 Rg8 13. Qg4 Bg6 14. O-O Qa5
15. Nf4 Bf5 16. Qe2 Qc7 17. d5 e5 18. dxc6 bxc6 19. Rd1 Nd7 20. g4 O-O-O 21.
Ng2 Be6 22. Bxe6 fxe6 23. Qc4 Rgf8 24. Be3 Nb6 25. Qxe6+ Rd7 26. Bxb6 axb6 27.
b4 Rf3 28. Qc4 Rdf7 29. Rd2 e4 30. Rad1 Bh2+ 31. Kh1 h5 32. Rf1 R3f4 33. Rd4 {
Poor Recording} 1/2-1/2

[Event "Asian Junior Chess Championship 2011"]
[Site "?"]
[Date "2011.??.??"]
[Round "6.3"]
[White "Krishna, C R G."]
[Black "Anwesh, Upadhyaya"]
[Result "1-0"]
[WhiteElo "2322"]
[BlackElo "2432"]
[PlyCount "119"]
[EventDate "2011.06.02"]

1. Nf3 Nf6 2. c4 c6 3. g3 d5 4. Qc2 Bg4 5. Bg2 Nbd7 6. d4 e6 7. O-O Be7 8. Rd1
O-O 9. Bf4 Rc8 10. c5 Ne4 11. Nc3 Bf5 12. Qc1 Re8 13. b4 Bf6 14. Ne5 Nxc3 15.
Qxc3 Nf8 16. f3 h6 17. Bc1 g5 18. Bb2 Bg7 19. Qb3 f6 20. Nd3 Bg6 21. Nf2 Bf7
22. Qc2 Qc7 23. e4 Rcd8 24. Re1 dxe4 25. Nxe4 f5 26. Nd6 Rxd6 27. cxd6 Qxd6 28.
Qc5 Qb8 29. Rad1 Nd7 30. Qc1 Nb6 31. f4 gxf4 32. Qxf4 Qxf4 33. gxf4 Rd8 34. Rd3
Nc4 35. Ba1 Nb6 36. Red1 Kf8 37. b5 cxb5 38. Bxb7 a5 39. Rc1 Nc4 40. Bc6 Be8
41. Bxe8 Kxe8 42. a4 Nd6 43. axb5 Nxb5 44. d5 Bxa1 45. Rxa1 Nc7 46. d6 Nd5 47.
Rxa5 Kd7 48. Ra6 Rg8+ 49. Kh1 Rb8 50. Rg3 Rb1+ 51. Kg2 Nxf4+ 52. Kf2 Rb2+ 53.
Ke1 Rb1+ 54. Kd2 Rb2+ 55. Kc1 Rg2 56. Rb3 Rg8 57. Rb7+ Kc8 58. Rc7+ Kb8 59.
Rb6+ Ka8 60. d7 1-0

[Event "Asian Junior Chess Championship 2011"]
[Site "?"]
[Date "2011.??.??"]
[Round "6.4"]
[White "Shyam, Nikil P"]
[Black "Saeed, Ishaq"]
[Result "0-1"]
[WhiteElo "2412"]
[BlackElo "2224"]
[PlyCount "90"]
[EventDate "2011.06.02"]

1. Nf3 d5 2. c4 c6 3. e3 Nf6 4. b3 e6 5. Bb2 Be7 6. d4 O-O 7. Nbd2 b6 8. Bd3
Bb7 9. Qc2 Na6 10. a3 c5 11. O-O cxd4 12. exd4 Rc8 13. Rac1 dxc4 14. bxc4 b5
15. c5 Nc7 16. c6 Ba8 17. Ne5 a6 18. a4 Ncd5 19. Qd1 Qb6 20. axb5 axb5 21. Ne4
Bxc6 22. Qf3 Bb7 23. Rxc8 Rxc8 24. Ng5 Rf8 25. Bb1 b4 26. Qg3 g6 27. Nxh7 Kxh7
28. Nxg6 fxg6 29. Qxg6+ Kh8 30. Qh6+ Kg8 31. Qg5+ Kh8 32. Re1 Rf7 33. Re5 Rg7
34. Qd2 Kg8 35. Bd3 Qc6 36. Bf1 Ba6 37. Bxa6 Qxa6 38. g3 b3 39. Qc1 Kf7 40. h4
Ng4 41. Re1 Qd3 42. Qc6 Qf5 43. Re2 Rg6 44. Qc4 Qf3 45. h5 Rh6 0-1

[Event "Asian Junior Chess Championship 2011"]
[Site "?"]
[Date "2011.??.??"]
[Round "6.5"]
[White "Premachandra, G T D."]
[Black "Perera, W C C."]
[Result "0-1"]
[WhiteElo "1940"]
[BlackElo "2078"]
[PlyCount "80"]
[EventDate "2011.06.02"]

1. e4 c5 2. Nc3 Nc6 3. g3 g6 4. Bg2 Bg7 5. Nge2 e6 6. d3 Nge7 7. Be3 Nd4 8. O-O
O-O 9. Qd2 Rb8 10. Nd1 Nxe2+ 11. Qxe2 b6 12. f3 Ba6 13. Rb1 Rc8 14. Nf2 f5 15.
Rfd1 Nc6 16. Qd2 Re8 17. c3 d5 18. Bg5 Qd7 19. g4 Ne5 20. h3 fxg4 21. fxg4 Rf8
22. Qe3 d4 23. Qg3 Rf7 24. Bf4 Nc6 25. c4 g5 26. Bxg5 Be5 27. Qh4 Qc7 28. Rd2
Bh2+ 29. Kh1 Bg3 30. Qh6 Bxf2 31. Rxf2 Rxf2 32. Bf6 Qf7 33. g5 e5 34. Rg1 Qg6
35. Qh4 Rf4 36. Qe1 Rf8 37. Bf1 Qh5 38. Rg3 Bc8 39. Be2 Qh4 40. Kg2 Bxh3+ 0-1

[Event "Asian Junior Chess Championship 2011"]
[Site "?"]
[Date "2011.??.??"]
[Round "6.6"]
[White "Kuruwitage, Yasas Kalana"]
[Black "Rajapakse, R M C M."]
[Result "0-1"]
[WhiteElo "1923"]
[BlackElo "2175"]
[PlyCount "60"]
[EventDate "2011.06.02"]

1. e4 c5 2. Nf3 d6 3. d4 cxd4 4. Nxd4 Nf6 5. Nc3 a6 6. Be3 e5 7. Nb3 Be6 8. f3
Nbd7 9. g4 b5 10. g5 b4 11. Ne2 Nh5 12. Qd2 a5 13. Ng3 Nxg3 14. hxg3 a4 15. Nc1
Qa5 16. f4 g6 17. Bg2 Bg7 18. f5 gxf5 19. exf5 Bxf5 20. Bxa8 Qxa8 21. Rf1 Bh3
22. Rg1 d5 23. Ne2 d4 24. Bf2 O-O 25. O-O-O b3 26. Kb1 Bf5 27. Ka1 bxc2 28. Rc1
d3 29. Nc3 a3 30. bxa3 e4 0-1

[Event "Asian Junior Chess Championship 2011"]
[Site "?"]
[Date "2011.??.??"]
[Round "6.7"]
[White "Subramaniam, Sumant"]
[Black "Seneviratne, Shehan Kanishka"]
[Result "1-0"]
[WhiteElo "2088"]
[BlackElo "1664"]
[PlyCount "87"]
[EventDate "2011.06.02"]

1. e4 d5 2. exd5 Qxd5 3. Nc3 Qa5 4. d4 c6 5. Bd2 Qc7 6. Nf3 Nf6 7. Bc4 Bf5 8.
Qe2 e6 9. O-O-O Nbd7 10. Ne5 Nb6 11. g4 Bg6 12. h4 Nbd5 13. Bxd5 cxd5 14. h5
Bxh5 15. gxh5 Rc8 16. Bf4 Qa5 17. Qb5+ Qxb5 18. Nxb5 a6 19. Nc3 Bb4 20. Na4 Ne4
21. Nd3 Bd6 22. Bxd6 Nxd6 23. Nac5 a5 24. f3 b6 25. Na4 Rc6 26. Ne5 Rc7 27.
Nxb6 Nf5 28. Rhe1 O-O 29. c3 h6 30. Ned7 Rd8 31. Nc5 Rd6 32. Nba4 Ng3 33. Re5
Kh7 34. Rg1 Nf5 35. Kd2 Kg8 36. b3 Kf8 37. Nb2 Ke7 38. Nbd3 Kf6 39. Rge1 Re7
40. Nf2 Kg5 41. Rg1+ Kxh5 42. Rxg7 Kh4 43. Rg4+ Kh5 44. Nfd3 1-0

[Event "Asian Junior Chess Championship 2011"]
[Site "?"]
[Date "2011.??.??"]
[Round "7.1"]
[White "Saeed, Ishaq"]
[Black "Shyam, Sundar M"]
[Result "0-1"]
[WhiteElo "2224"]
[BlackElo "2457"]
[PlyCount "110"]
[EventDate "2011.06.02"]

1. d4 Nf6 2. c4 g6 3. Nc3 Bg7 4. e4 d6 5. f3 O-O 6. Be3 c5 7. Nge2 Nc6 8. d5
Ne5 9. Ng3 e6 10. Be2 exd5 11. cxd5 a6 12. a4 Rb8 13. Qd2 Ne8 14. O-O Nc7 15.
a5 b5 16. axb6 Rxb6 17. Ra2 Rb4 18. Bh6 Nc4 19. Bxc4 Rxc4 20. Bxg7 Kxg7 21. Ra4
Rxa4 22. Nxa4 Bd7 23. Nc3 Qf6 24. Rd1 Rb8 25. f4 Rb4 26. e5 dxe5 27. Nge4 Qxf4
28. Qxf4 exf4 29. Nxc5 Bg4 30. Rd2 Rc4 31. N5e4 Nb5 32. Kf2 f5 33. Ng5 Nd6 34.
Ne6+ Kf6 35. Rd4 Rxd4 36. Nxd4 g5 37. Nc6 Bh5 38. Nb4 a5 39. Nc6 Nb7 40. Ke1
Bf7 41. Ke2 g4 42. Kd3 h5 43. Nd4 h4 44. Nce2 Ke5 45. d6 Bd5 46. d7 Nc5+ 47.
Kc3 Nxd7 48. Nc1 Nc5 49. Nc2 Bxg2 50. Kc4 Be4 51. Nd4 Ne6 52. Ndb3 g3 53. hxg3
fxg3 54. Nxa5 g2 55. Ne2 h3 0-1

[Event "Asian Junior Chess Championship 2011"]
[Site "?"]
[Date "2011.??.??"]
[Round "7.2"]
[White "Omarnoaman"]
[Black "Krishna, C R G."]
[Result "1-0"]
[WhiteElo "2253"]
[BlackElo "2322"]
[PlyCount "103"]
[EventDate "2011.06.02"]

1. d4 f5 2. c4 Nf6 3. g3 g6 4. b4 Bg7 5. Bb2 O-O 6. Nf3 d6 7. Bg2 c6 8. O-O Qe8
9. Qb3 h6 10. d5 Qf7 11. Nd4 Bd7 12. Nd2 g5 13. e3 Rc8 14. f4 cxd5 15. cxd5 Qg6
16. Rac1 Na6 17. Ne6 Bxe6 18. dxe6 Rxc1 19. Rxc1 gxf4 20. exf4 Rb8 21. Nf3 Qe8
22. a4 Rc8 23. Rxc8 Qxc8 24. Nd4 d5 25. h3 Kf8 26. Nxf5 Qxe6 27. Nxg7 Kxg7 28.
Qxd5 Qe3+ 29. Kh2 Nxb4 30. Qxb7 Nd3 31. Ba3 Kf7 32. Bxe7 Qxe7 33. Qb3+ Kg7 34.
Qxd3 a5 35. Qb5 Qc7 36. Qb7 Qxb7 37. Bxb7 h5 38. Kg2 Nd7 39. Kf3 Nc5 40. Bc6
Kf6 41. Be8 Ke7 42. Bb5 Nb7 43. g4 Nd6 44. Bd3 Nb7 45. Bc2 Nc5 46. f5 Nd7 47.
g5 Nb6 48. Bb3 Nd7 49. Kf4 Kf8 50. f6 Nc5 51. Bd1 h4 52. g6 1-0

[Event "Asian Junior Chess Championship 2011"]
[Site "?"]
[Date "2011.??.??"]
[Round "7.3"]
[White "Perera, W C C."]
[Black "Nitin, S."]
[Result "1-0"]
[WhiteElo "2078"]
[BlackElo "2365"]
[PlyCount "119"]
[EventDate "2011.06.02"]

1. Nf3 g6 2. g3 Bg7 3. Bg2 e5 4. d3 Ne7 5. e4 d6 6. Nc3 h6 7. Bd2 Be6 8. Ne2
Nbc6 9. c3 d5 10. O-O Qd7 11. Re1 O-O 12. Qc2 f5 13. Rad1 Rae8 14. Bc1 g5 15.
c4 d4 16. exf5 Bxf5 17. a3 Bh3 18. Nd2 Bxg2 19. Kxg2 Qf5 20. f3 g4 21. Rf1 Qh5
22. Ng1 gxf3+ 23. Rxf3 Nf5 24. Ne4 Qg6 25. h3 Qe6 26. Kh2 Nd6 27. Nxd6 cxd6 28.
Re1 Rxf3 29. Nxf3 Rf8 30. Kg2 a5 31. Qe2 Nd8 32. Rf1 Qe8 33. Nd2 Rxf1 34. Qxf1
b5 35. Ne4 Qg6 36. b3 a4 37. Qd1 Ne6 38. Qc2 Kh7 39. bxa4 bxc4 40. Qxc4 Nc5 41.
Nf2 Qe8 42. Qd5 Qxa4 43. Qf3 Kh8 44. h4 Nb3 45. Bxh6 Bxh6 46. Qf6+ Bg7 47. Qd8+
Kh7 48. Ne4 Qc6 49. Kh2 d5 50. Ng5+ Kg6 51. Qe7 Nd2 52. Qf7+ Kh6 53. Ne6 Nf3+
54. Kh3 Bh8 55. Kg4 Nh2+ 56. Kh3 Qc2 57. Qf5 Qc1 58. Kxh2 e4 59. Ng5 Qc7 60. h5
1-0

[Event "Asian Junior Chess Championship 2011"]
[Site "?"]
[Date "2011.??.??"]
[Round "7.4"]
[White "Rajapakse, R M C M."]
[Black "Narayanan, Srinath"]
[Result "0-1"]
[WhiteElo "2175"]
[BlackElo "2337"]
[PlyCount "63"]
[EventDate "2011.06.02"]

1. d4 Nf6 2. c4 c5 3. Nf3 cxd4 4. Nxd4 Nc6 5. Nc3 e6 6. g3 Qb6 7. Nc2 Ne5 8.
Bg2 Nxc4 9. b3 Ne5 10. O-O a6 11. Be3 Qc7 12. Na4 d5 13. Bb6 Qb8 14. e4 Be7 15.
Ne3 dxe4 16. Rc1 Ned7 17. Bc7 Qa7 18. Bd6 Bd8 19. Qd2 b5 20. Nc3 Bb7 21. g4 h6
22. Rfd1 Bb6 23. b4 Rd8 24. Qe2 Bd4 25. Nf1 Qb6 26. Nxe4 Bxe4 27. Bc7 Bxf2+ 28.
Kh1 Qb7 29. Bxe4 Nxe4 30. Qf3 Rc8 31. Nd2 Nec5 32. bxc5 0-1

[Event "Asian Junior Chess Championship 2011"]
[Site "?"]
[Date "2011.??.??"]
[Round "7.5"]
[White "Subramaniam, Sumant"]
[Black "Premachandra, G T D."]
[Result "0-1"]
[WhiteElo "2088"]
[BlackElo "1940"]
[PlyCount "58"]
[EventDate "2011.06.02"]

1. e4 c5 2. Nf3 d6 3. d4 cxd4 4. Nxd4 Nf6 5. Nc3 g6 6. Be3 Bg7 7. f3 Bd7 8. Qd2
Nc6 9. Bc4 a6 10. O-O-O Rc8 11. Bb3 Ne5 12. Bh6 Bxh6 13. Qxh6 b5 14. Nd5 Nxd5
15. Bxd5 Qc7 16. h4 e6 17. Bb3 a5 18. a3 Qc5 19. h5 Ke7 20. Rd2 a4 21. Ba2 b4
22. axb4 Qxb4 23. Rhd1 a3 24. c3 axb2+ 25. Kb1 Qxc3 26. Ne2 Qa3 27. Rxd6 Ra8
28. Nc3 Qxc3 29. hxg6 Rxa2 0-1

[Event "Asian Junior Chess Championship 2011"]
[Site "?"]
[Date "2011.??.??"]
[Round "7.6"]
[White "Anwesh, Upadhyaya"]
[Black "Kuruwitage, Yasas Kalana"]
[Result "1-0"]
[WhiteElo "2432"]
[BlackElo "1923"]
[PlyCount "57"]
[EventDate "2011.06.02"]

1. Nf3 d6 2. c4 e5 3. Nc3 f5 4. d3 Nf6 5. g3 Be7 6. Bg2 O-O 7. Rb1 a5 8. a3 Qe8
9. b4 axb4 10. axb4 Kh8 11. Qc2 Na6 12. O-O Qh5 13. Nd5 Bd8 14. Bd2 f4 15. Nxf6
Bxf6 16. gxf4 Bh3 17. Bxh3 Qxh3 18. Kh1 exf4 19. Rg1 Bh4 20. Rg2 Rae8 21. Bc3
Rf7 22. Rbg1 Bf6 23. Bxf6 gxf6 24. Qd2 Qh6 25. Rg4 Rfe7 26. b5 Nc5 27. Rh4 Qf8
28. Qxf4 Rxe2 29. Rxh7+ 1-0

[Event "Asian Junior Chess Championship 2011"]
[Site "?"]
[Date "2011.??.??"]
[Round "7.7"]
[White "Seneviratne, Shehan Kanishka"]
[Black "Shyam, Nikil P"]
[Result "0-1"]
[WhiteElo "1664"]
[BlackElo "2412"]
[PlyCount "64"]
[EventDate "2011.06.02"]

1. d4 Nf6 2. c4 c5 3. Nf3 cxd4 4. Nxd4 Nc6 5. Nc3 g6 6. e4 d6 7. Be2 Bg7 8. Be3
O-O 9. Qd2 Ng4 10. Bxg4 Bxg4 11. f3 Bd7 12. O-O Re8 13. Rac1 Ne5 14. Nce2 Rc8
15. b3 b6 16. Kf2 Qc7 17. h4 Qb7 18. Nc3 f5 19. exf5 gxf5 20. Bg5 Nf7 21. Nd5
e6 22. Nf6+ Bxf6 23. Bxf6 e5 24. f4 exd4 25. Rfe1 Rxe1 26. Rxe1 Re8 27. Qd3 Nh6
28. Rxe8+ Bxe8 29. Qxd4 Ng4+ 30. Kg3 Qf7 31. Bg5 Qe6 32. Kh3 Bc6 0-1

[Event "Asian Junior Chess Championship 2011"]
[Site "?"]
[Date "2011.??.??"]
[Round "8.1"]
[White "Shyam, Sundar M"]
[Black "Rajapakse, R M C M."]
[Result "1-0"]
[WhiteElo "2457"]
[BlackElo "2175"]
[PlyCount "76"]
[EventDate "2011.06.02"]

1. e4 c5 2. Nf3 d6 3. d4 cxd4 4. Nxd4 Nf6 5. Nc3 a6 6. Be3 e5 7. Nb3 Be6 8. Qd2
Nbd7 9. O-O-O Be7 10. f3 b5 11. g4 b4 12. Ne2 d5 13. g5 d4 14. Nexd4 exd4 15.
Nxd4 Nh5 16. Nc6 Qc7 17. Nxe7 b3 18. axb3 Kxe7 19. Qb4+ Ke8 20. Kb1 h6 21. gxh6
gxh6 22. Rd2 Rg8 23. Bxh6 a5 24. Qa4 Qc5 25. Bb5 Ra7 26. Rhd1 Nhf6 27. h4 Rg1
28. Rxg1 Qxg1+ 29. Ka2 Qc5 30. Bg5 Kf8 31. Bf4 Kg7 32. Bd6 Qe3 33. Qd4 Qxd4 34.
Rxd4 Rb7 35. c4 Nb8 36. Ka3 Bd7 37. Bxb8 Bxb5 38. Be5 Rd7 1-0

[Event "Asian Junior Chess Championship 2011"]
[Site "?"]
[Date "2011.??.??"]
[Round "8.2"]
[White "Anwesh, Upadhyaya"]
[Black "Omarnoaman"]
[Result "1-0"]
[WhiteElo "2432"]
[BlackElo "2253"]
[PlyCount "183"]
[EventDate "2011.06.02"]

1. d4 d5 2. Nf3 Nf6 3. c4 e6 4. g3 dxc4 5. Bg2 c5 6. O-O Nc6 7. Qa4 Bd7 8. Qxc4
cxd4 9. Nxd4 Rc8 10. Nc3 Nxd4 11. Qxd4 Bc5 12. Qh4 O-O 13. Bg5 h6 14. Bxf6 Qxf6
15. Qxf6 gxf6 16. Rfd1 Rc7 17. Rd3 Rfc8 18. Rad1 Be8 19. Rd8 Be7 20. Rxc8 Rxc8
21. g4 b6 22. Bb7 Rb8 23. Bf3 Rd8 24. Rxd8 Bxd8 25. e3 Kf8 26. Kf1 Ke7 27. Ke2
Bc7 28. h3 a5 29. Be4 b5 30. Bd3 b4 31. Nd1 Bc6 32. f3 Bd5 33. b3 a4 34. Bc2
axb3 35. axb3 f5 36. Nf2 Kf6 37. f4 Bd6 38. h4 Bc6 39. gxf5 exf5 40. h5 Bc5 41.
Kd2 Bd5 42. Nd3 Bd6 43. Nc1 Bc5 44. Ne2 Bb6 45. Ng3 Be6 46. Ke2 Ba7 47. Nf1 Bd5
48. Ng3 Be6 49. Nf1 Bd5 50. Nd2 Bb6 51. Bd3 Ba7 52. Bc4 Bc6 53. Kf2 Bc5 54. Be2
Bd5 55. Bc4 Bc6 56. Nf1 Bb6 57. Be2 Bd5 58. Nd2 Bc5 59. Bf3 Be6 60. Bc6 Bb6 61.
Ke2 Ke7 62. Kd3 Kf6 63. Bb5 Bd5 64. Bc4 Bc6 65. Ke2 Ba7 66. Nf1 Bb6 67. Ng3 Bd7
68. Bd5 Ba7 69. Kd2 Bb6 70. Ne2 Ke7 71. Ng1 Be8 72. Nf3 Bc7 73. Nd4 Bd7 74. Kd3
Bd6 75. Kc4 Be6 76. Bxe6 fxe6 77. Nc6+ Kf6 78. Nxb4 e5 79. Nd3 exf4 80. exf4
Ke6 81. b4 Bb8 82. Kc5 Ba7+ 83. Kc6 Bd4 84. b5 Be3 85. b6 Bxb6 86. Kxb6 Kd5 87.
Kc7 Ke4 88. Kd6 Kf3 89. Ke5 Kg4 90. Kf6 Kxh5 91. Kxf5 Kh4 92. Kg6 1-0

[Event "Asian Junior Chess Championship 2011"]
[Site "?"]
[Date "2011.??.??"]
[Round "8.3"]
[White "Narayanan, Srinath"]
[Black "Subramaniam, Sumant"]
[Result "1-0"]
[WhiteElo "2337"]
[BlackElo "2088"]
[PlyCount "61"]
[EventDate "2011.06.02"]

1. e4 c5 2. Nf3 d6 3. d4 cxd4 4. Nxd4 Nf6 5. Nc3 g6 6. Be3 Bg7 7. f3 O-O 8. Qd2
Nc6 9. Bc4 Bd7 10. O-O-O Rc8 11. Bb3 Ne5 12. Kb1 Nc4 13. Bxc4 Rxc4 14. g4 b5
15. b3 Rc5 16. Ne6 fxe6 17. Bxc5 dxc5 18. e5 Ne8 19. Qxd7 Qxd7 20. Rxd7 Bxe5
21. Ne4 Bd6 22. Rxa7 Rxf3 23. Ng5 Rf8 24. Nxe6 Rf6 25. Ng5 h6 26. Ne4 Re6 27.
Nxd6 Nxd6 28. h3 Re3 29. Rc7 c4 30. Kb2 Kg7 31. Rf1 1-0

[Event "Asian Junior Chess Championship 2011"]
[Site "?"]
[Date "2011.??.??"]
[Round "8.4"]
[White "Krishna, C R G."]
[Black "Perera, W C C."]
[Result "1-0"]
[WhiteElo "2322"]
[BlackElo "2078"]
[PlyCount "54"]
[EventDate "2011.06.02"]

1. Nf3 Nf6 2. c4 g6 3. g3 Bg7 4. Bg2 O-O 5. d4 d6 6. O-O Nc6 7. d5 Na5 8. Nfd2
c5 9. Nc3 a6 10. Qc2 Rb8 11. b3 b5 12. Bb2 bxc4 13. bxc4 Bd7 14. Rab1 Qc7 15.
Nce4 Nxe4 16. Bxe4 Ba4 17. Qc1 Bxb2 18. Rxb2 Rxb2 19. Qxb2 Rb8 20. Qc3 Rb4 21.
f4 e6 22. dxe6 fxe6 23. Qf6 Be8 24. f5 Qf7 25. fxg6 hxg6 26. Qd8 Qd7 27. Qxa5
Qg7 1-0

[Event "Asian Junior Chess Championship 2011"]
[Site "?"]
[Date "2011.??.??"]
[Round "8.5"]
[White "Premachandra, G T D."]
[Black "Nitin, S."]
[Result "0-1"]
[WhiteElo "1940"]
[BlackElo "2365"]
[PlyCount "53"]
[EventDate "2011.06.02"]

1. e4 c5 2. Nf3 d6 3. d4 cxd4 4. Nxd4 Nf6 5. Nc3 a6 6. Be2 e5 7. Nb3 Be7 8. O-O
O-O 9. Be3 Be6 10. f4 exf4 11. Bxf4 Nc6 12. Kh1 Rc8 13. h3 b5 14. a3 Re8 15.
Nd4 Nxd4 16. Qxd4 Rc6 17. Rfd1 Qc8 18. Kh2 Nd7 19. Qe3 Ne5 20. Qg3 Bf6 21. Rf1
Ng6 22. Bxd6 Bh4 23. Qd3 Bc4 24. Qd4 Bf6 25. Rxf6 gxf6 26. Bg4 Qd8 27. Rd1 0-1

[Event "Asian Junior Chess Championship 2011"]
[Site "?"]
[Date "2011.??.??"]
[Round "8.6"]
[White "Kuruwitage, Yasas Kalana"]
[Black "Shyam, Nikil P"]
[Result "0-1"]
[WhiteElo "1923"]
[BlackElo "2412"]
[PlyCount "55"]
[EventDate "2011.06.02"]

1. e4 c5 2. Nf3 d6 3. d4 cxd4 4. Nxd4 Nf6 5. Nc3 a6 6. Be3 e5 7. Nb3 Be6 8. f3
Nbd7 9. g4 h6 10. Qd2 Be7 11. O-O-O b5 12. h4 Nb6 13. Bd3 Nfd7 14. Qf2 Nc4 15.
Bxc4 bxc4 16. Nd2 Rb8 17. Kb1 Qa5 18. Ka1 Nb6 19. Bxb6 Rxb6 20. Rb1 O-O 21. Nf1
Rfb8 22. Ne3 Rb4 23. Qd2 Bd8 24. Ned5 Bxd5 25. Qxd5 Qb6 26. h5 Rxb2 27. Qxc4
Bg5 28. Qd3 0-1

[Event "Asian Junior Chess Championship 2011"]
[Site "?"]
[Date "2011.??.??"]
[Round "8.7"]
[White "Saeed, Ishaq"]
[Black "Seneviratne, Shehan Kanishka"]
[Result "1-0"]
[WhiteElo "2224"]
[BlackElo "1664"]
[PlyCount "65"]
[EventDate "2011.06.02"]

1. d4 Nf6 2. c4 g6 3. Nc3 Bg7 4. e4 d6 5. f3 O-O 6. Be3 e5 7. d5 Nh5 8. Nge2 f5
9. Qd2 f4 10. Bf2 g5 11. O-O-O Rf6 12. Kb1 Rg6 13. Nc1 Nf6 14. b4 Na6 15. a3
Bf8 16. Nb3 b6 17. Bd3 Bb7 18. Qe2 Qc8 19. Na4 Nd7 20. Rc1 Rb8 21. Ka2 Ra8 22.
Rc2 h5 23. Rhc1 Rg7 24. c5 bxc5 25. Naxc5 Naxc5 26. Nxc5 Nxc5 27. bxc5 dxc5 28.
Bxc5 g4 29. Bxf8 Kxf8 30. Qd2 gxf3 31. gxf3 Qh3 32. Qb4+ c5 33. dxc6+ 1-0